|
|
|
|
| LEADER |
00000nam0a2200000 4500 |
| 001 |
168406 |
| 005 |
20231031163113.0 |
| 010 |
|
|
|a 9785751119249
|
| 035 |
|
|
|a (RuTPU)RU\TPU\book\182718
|
| 090 |
|
|
|a 168406
|
| 100 |
|
|
|a 20091028d2009 km y0rusy50 ca
|
| 101 |
0 |
|
|a rus
|
| 102 |
|
|
|a RU
|
| 105 |
|
|
|a a z 001zy
|
| 200 |
1 |
|
|a Региональный аспект государственной экономической стратегии развития высшей школы
|f Т. Л. Ищук
|g Томский государственный университет (ТГУ)
|
| 210 |
|
|
|a Томск
|c Изд-во Томского ун-та
|d 2009
|
| 215 |
|
|
|a 105 с.
|c ил.
|
| 320 |
|
|
|a Библиогр.: с. 100-103.
|
| 330 |
|
|
|a В книге рассмотрены цели и приоритеты региональной политики в сфере высшего образования, в частности стратегия развития высшего образования в Томской области. Для специалистов руководящего звена в сфере высшего образования, а также всех интересующихся вопросами развития высшего образования.
|
| 606 |
1 |
|
|a Высшее образование
|x Российская Федерация
|2 stltpush
|3 (RuTPU)RU\TPU\subj\3994
|
| 610 |
1 |
|
|a высшая школа
|
| 610 |
1 |
|
|a экономическая политика
|
| 610 |
1 |
|
|a экономические стратегии
|
| 610 |
1 |
|
|a государственная политика
|
| 610 |
1 |
|
|a регионы
|
| 610 |
1 |
|
|a региональная политика
|
| 610 |
1 |
|
|a высшее профессиональное образование
|
| 610 |
1 |
|
|a Томская область
|
| 610 |
1 |
|
|a ТГУ
|
| 686 |
|
|
|a Ч484(2)
|2 rubbk
|
| 700 |
|
1 |
|a Ищук
|b Т. Л.
|c экономист
|c профессор Томского политехнического университета, доктор экономических наук
|f 1946-
|g Татьяна Леонидовна
|2 stltpush
|3 (RuTPU)RU\TPU\pers\34313
|
| 712 |
0 |
2 |
|a Томский государственный университет (ТГУ)
|2 stltpush
|3 (RuTPU)RU\TPU\col\397
|
| 801 |
|
1 |
|a RU
|b 63413507
|c 20091028
|
| 801 |
|
2 |
|a RU
|b 63413507
|c 20150423
|g RCR
|
| 942 |
|
|
|c BK
|